Načítá se...

Principles of marketing

Podrobná bibliografie
Hlavní autor: Lamb Jr., Charles W.
Další autoři: Armstrong, Gary
Médium: Printed Book
Jazyk:English
Vydáno: Ohio South Western 1992
Témata:
LEADER 00527nam a2200169 a 4500
005 20151028162227.0
008 960221s1955 dcuabcdjdbkoqu001 0deng d
003 ViArRB
082 |a 658.8 
100 |a Lamb Jr., Charles W.  |9 25346 
245 |a  Principles of marketing 
653 |a   
700 |a Armstrong, Gary  |9 25345 
942 |c BK  |6 _ 
260 |a Ohio  |b South Western  |c 1992 
999 |c 77760  |d 77760 
952 |0 0  |1 0  |2 ddc  |4 0  |6 6588_N2  |7 0  |9 90781  |a SOS  |b SOS  |c CART  |d 2009-11-09  |l 9  |m 3  |o 658.8 N2  |p MS009404  |r 2015-10-14  |s 2015-09-10  |w 2009-07-13  |y BK